[Event "Capablanca Memorial Premier I 34th"]
[Site "Havana"]
[Date "1999.05.07"]
[Round "1"]
[White "Matamoros Franco, Carlos S"]
[Black "Delgado Ramirez, Neuris"]
[Result "1/2-1/2"]
[WhiteElo "2458"]
[BlackElo "2417"]
[PlyCount "106"]
[EventDate "1999.05.??"]
[EventType "tourn"]
[EventRounds "13"]
[EventCountry "CUB"]
[EventCategory "8"]
[SourceTitle "CBM 070 Extra"]
[Source "ChessBase"]
[SourceDate "1999.07.10"]
[SourceVersion "1"]
[SourceVersionDate "1999.07.10"]
[SourceQuality "1"]

1. d4 Nf6 2. c4 e6 3. Nf3 d5 4. Nc3 c5 5. cxd5 cxd4 6. Qxd4 Nxd5 7. e4 Nxc3 8.
Qxc3 Nc6 9. a3 Bd7 10. Be2 Rc8 11. O-O Na5 12. Qd3 Ba4 13. Qxd8+ Rxd8 14. Be3
Nb3 15. Bd1 b5 16. Bxb3 Bxb3 17. Nd4 Bc4 18. Rfd1 Bc5 19. Nc6 Rc8 20. Bxc5 Rxc6
21. Bxa7 Bb3 22. Rdc1 Bc2 23. f3 Kd7 24. Bd4 f6 25. Bc3 Bb3 26. Re1 e5 27. Re3
Bc4 28. a4 bxa4 29. Rxa4 Rhc8 30. Re1 Ra6 31. Rd1+ Ke6 32. Rb4 Rd6 33. Ra1 Rd7
34. Kf2 Kf7 35. Rba4 Ke6 36. Ra5 Kf7 37. g3 Ke6 38. h4 Kf7 39. g4 Rcd8 40. Rc5
Bb3 41. g5 Bd1 42. gxf6 gxf6 43. Rc6 Rd3 44. Ra7+ Kg6 45. h5+ Kg5 46. Rg7+ Kh6
47. Rg3 R8d6 48. Rc7 Rd7 49. Rxd7 Rxd7 50. Ke3 Kxh5 51. f4 Bc2 52. fxe5 fxe5
53. Bxe5 Rd3+ 1/2-1/2

[Event "Capablanca Memorial Premier I 34th"]
[Site "Havana"]
[Date "1999.05.08"]
[Round "2"]
[White "Rivera, Alberto"]
[Black "Delgado Ramirez, Neuris"]
[Result "1-0"]
[WhiteElo "2392"]
[BlackElo "2417"]
[PlyCount "81"]
[EventDate "1999.05.??"]
[EventType "tourn"]
[EventRounds "13"]
[EventCountry "CUB"]
[EventCategory "8"]
[SourceTitle "CBM 070 Extra"]
[Source "ChessBase"]
[SourceDate "1999.07.10"]
[SourceVersion "1"]
[SourceVersionDate "1999.07.10"]
[SourceQuality "1"]

1. d4 c5 2. d5 Nf6 3. c4 e6 4. Nc3 exd5 5. cxd5 d6 6. e4 g6 7. Nf3 Bg7 8. Be2
O-O 9. O-O Bg4 10. Be3 Bxf3 11. Bxf3 Nbd7 12. Rb1 a6 13. a4 Rc8 14. Be2 Re8 15.
f3 h5 16. Qd2 Nh7 17. Kh1 Ndf6 18. Nd1 h4 19. Nf2 Nh5 20. f4 N7f6 21. Bf3 Bh6
22. Rbe1 Bg7 23. Qc2 Bh6 24. Nh3 Qd7 25. Bd2 Bg7 26. Ng5 Ng4 27. Qd1 Nhf6 28.
Bc3 Nh6 29. e5 dxe5 30. fxe5 Nh7 31. e6 fxe6 32. Nxe6 Bxc3 33. bxc3 Nf6 34. Qd2
Nf5 35. Qg5 Qf7 36. Nf4 Nh7 37. Qxg6+ Qxg6 38. Nxg6 Kg7 39. Nf4 Rxe1 40. Rxe1
Nd6 41. Re7+ 1-0

[Event "Capablanca Memorial Premier I 34th"]
[Site "Havana"]
[Date "1999.05.10"]
[Round "4"]
[White "Roeder, Mathias"]
[Black "Delgado Ramirez, Neuris"]
[Result "1/2-1/2"]
[WhiteElo "2448"]
[BlackElo "2417"]
[PlyCount "63"]
[EventDate "1999.05.??"]
[EventType "tourn"]
[EventRounds "13"]
[EventCountry "CUB"]
[EventCategory "8"]
[SourceTitle "CBM 070 Extra"]
[Source "ChessBase"]
[SourceDate "1999.07.10"]
[SourceVersion "1"]
[SourceVersionDate "1999.07.10"]
[SourceQuality "1"]

1. d4 Nf6 2. c4 e6 3. Nf3 d5 4. Nc3 dxc4 5. e3 a6 6. Bxc4 c5 7. O-O Nc6 8. Bb3
Be7 9. dxc5 Qxd1 10. Rxd1 Bxc5 11. Bd2 Bd7 12. Be1 O-O-O 13. Ng5 Rhf8 14. Rac1
Bb4 15. a3 Ba5 16. Ba2 h6 17. Nf3 Be8 18. Rxd8+ Bxd8 19. Ne2 Kb8 20. Ned4 Bc7
21. Bc3 Nxd4 22. Bxd4 Bb5 23. Ne5 Rc8 24. g3 Be8 25. f3 Rd8 26. Kf2 Nd5 27. Nd3
f6 28. f4 Bc6 29. b4 Re8 30. e4 Nb6 31. Nc5 e5 32. fxe5 1/2-1/2

[Event "Capablanca Memorial Premier I 34th"]
[Site "Havana"]
[Date "1999.05.12"]
[Round "5"]
[White "Delgado Ramirez, Neuris"]
[Black "Pecorelli Garcia, Humberto"]
[Result "1-0"]
[WhiteElo "2417"]
[BlackElo "2430"]
[PlyCount "61"]
[EventDate "1999.05.??"]
[EventType "tourn"]
[EventRounds "13"]
[EventCountry "CUB"]
[EventCategory "8"]
[SourceTitle "CBM 070 Extra"]
[Source "ChessBase"]
[SourceDate "1999.07.10"]
[SourceVersion "1"]
[SourceVersionDate "1999.07.10"]
[SourceQuality "1"]

1. e4 e6 2. Qe2 c5 3. g3 Nc6 4. c3 b6 5. Bg2 a5 6. f4 Ba6 7. d3 Nge7 8. Nf3 d5
9. e5 a4 10. O-O h5 11. Nbd2 Ra7 12. Ng5 g6 13. Ndf3 Nf5 14. Bd2 Be7 15. Be1
Kf8 16. Bf2 Kg7 17. h3 h4 18. g4 Ng3 19. Bxg3 hxg3 20. Rad1 a3 21. b3 b5 22.
Qd2 d4 23. c4 bxc4 24. dxc4 Bb7 25. f5 Nxe5 26. f6+ Bxf6 27. Nxe5 Bxg2 28.
Nexf7 Qe7 29. Kxg2 Rf8 30. Rxf6 Qxf6 31. Rf1 1-0

[Event "Capablanca Memorial Premier I 34th"]
[Site "Havana"]
[Date "1999.05.13"]
[Round "6"]
[White "Hernandez Onna, Roman"]
[Black "Delgado Ramirez, Neuris"]
[Result "1/2-1/2"]
[WhiteElo "2419"]
[BlackElo "2417"]
[PlyCount "30"]
[EventDate "1999.05.??"]
[EventType "tourn"]
[EventRounds "13"]
[EventCountry "CUB"]
[EventCategory "8"]
[SourceTitle "CBM 070 Extra"]
[Source "ChessBase"]
[SourceDate "1999.07.10"]
[SourceVersion "1"]
[SourceVersionDate "1999.07.10"]
[SourceQuality "1"]

1. d4 Nf6 2. Nf3 e6 3. c4 d5 4. Nc3 dxc4 5. e3 a6 6. Bxc4 c5 7. Qe2 Nc6 8. O-O
cxd4 9. Rd1 Be7 10. exd4 O-O 11. a3 Nd5 12. Qe4 Nf6 13. Qe2 Nd5 14. Qe4 Nf6 15.
Qe2 Nd5 1/2-1/2

[Event "Capablanca Memorial Premier I 34th"]
[Site "Havana"]
[Date "1999.05.14"]
[Round "7"]
[White "Delgado Ramirez, Neuris"]
[Black "Herrera, Irisberto"]
[Result "0-1"]
[WhiteElo "2417"]
[BlackElo "2450"]
[PlyCount "120"]
[EventDate "1999.05.??"]
[EventType "tourn"]
[EventRounds "13"]
[EventCountry "CUB"]
[EventCategory "8"]
[SourceTitle "CBM 070 Extra"]
[Source "ChessBase"]
[SourceDate "1999.07.10"]
[SourceVersion "1"]
[SourceVersionDate "1999.07.10"]
[SourceQuality "1"]

1. e4 c5 2. Nf3 d6 3. Bc4 Nf6 4. d3 e6 5. Bb3 Be7 6. O-O O-O 7. c3 b5 8. Qe2
Bb7 9. Rd1 Nbd7 10. Nbd2 Ne5 11. Bc2 Rc8 12. a4 b4 13. Nxe5 dxe5 14. Bb3 Qc7
15. Nc4 Ba6 16. Bg5 Rb8 17. Qc2 Rfd8 18. Rac1 Rb7 19. cxb4 cxb4 20. Bh4 Bxc4
21. Qxc4 Qxc4 22. Bxc4 Rc7 23. Bb5 Rc5 24. f3 Rdc8 25. Rc4 Rxc4 26. dxc4 Kf8
27. Bg3 Bc5+ 28. Kf1 Bd4 29. Rxd4 exd4 30. Bd6+ Kg8 31. e5 Ne8 32. Bxb4 Nc7 33.
c5 Nxb5 34. axb5 Kf8 35. c6+ Ke8 36. Bc5 Ra8 37. Ke2 Rb8 38. c7 Rc8 39. Bd6 Kd7
40. Kd3 Re8 41. Kxd4 Kc8 42. f4 Kb7 43. Kc5 h5 44. g3 Rh8 45. Kd4 h4 46. g4 h3
47. Ke4 Kb6 48. f5 Kxb5 49. fxe6 fxe6 50. Kf4 a5 51. Kg5 Kc6 52. Kg6 Kd7 53. b3
Rh6+ 54. Kg5 Rh7 55. Kg6 Rh8 56. Kg5 Ra8 57. Kg6 Ra6 58. Kxg7 Rc6 59. Kf7 Rc2
60. c8=Q+ Rxc8 0-1

[Event "Capablanca Memorial Premier I 34th"]
[Site "Havana"]
[Date "1999.05.15"]
[Round "8"]
[White "Podgaets, Mikhail"]
[Black "Delgado Ramirez, Neuris"]
[Result "1-0"]
[WhiteElo "2484"]
[BlackElo "2417"]
[PlyCount "79"]
[EventDate "1999.05.??"]
[EventType "tourn"]
[EventRounds "13"]
[EventCountry "CUB"]
[EventCategory "8"]
[SourceTitle "CBM 070 Extra"]
[Source "ChessBase"]
[SourceDate "1999.07.10"]
[SourceVersion "1"]
[SourceVersionDate "1999.07.10"]
[SourceQuality "1"]

1. d4 Nf6 2. c4 e6 3. Nf3 d5 4. Nc3 Nbd7 5. Bg5 c6 6. e3 h6 7. Bh4 Be7 8. Qc2
a6 9. cxd5 cxd5 10. Bd3 b5 11. O-O Bb7 12. a4 b4 13. Ne2 Rc8 14. Qd1 a5 15. Bb5
Bc6 16. Bxc6 Rxc6 17. Rc1 Qc8 18. Qd3 Rxc1 19. Rxc1 Qb7 20. Ne5 O-O 21. Nc6 Bd6
22. Bg3 Bxg3 23. hxg3 Ra8 24. f3 g6 25. Rc2 Re8 26. Kf2 Kg7 27. Nc1 e5 28. dxe5
Nxe5 29. Nxe5 Rxe5 30. Qd4 Re8 31. Nb3 Rc8 32. Nc5 Qe7 33. g4 Kh7 34. Rc1 Nd7
35. Ne6 Qh4+ 36. Ke2 Rg8 37. Nf4 g5 38. Nh5 Qh2 39. Kf2 Qd6 40. Rd1 1-0

[Event "Capablanca Memorial Premier I 34th"]
[Site "Havana"]
[Date "1999.05.17"]
[Round "9"]
[White "Delgado Ramirez, Neuris"]
[Black "Vilela de Acuna, Jose Luis"]
[Result "1-0"]
[WhiteElo "2417"]
[BlackElo "2396"]
[PlyCount "55"]
[EventDate "1999.05.??"]
[EventType "tourn"]
[EventRounds "13"]
[EventCountry "CUB"]
[EventCategory "8"]
[SourceTitle "CBM 070 Extra"]
[Source "ChessBase"]
[SourceDate "1999.07.10"]
[SourceVersion "1"]
[SourceVersionDate "1999.07.10"]
[SourceQuality "1"]

1. e4 c5 2. Nf3 e6 3. b3 Nc6 4. Bb2 Qc7 5. Bb5 d6 6. O-O Bd7 7. d4 cxd4 8. Nxd4
Nf6 9. Nxc6 Bxc6 10. Bxc6+ Qxc6 11. Bxf6 gxf6 12. Qd3 Rg8 13. Nd2 f5 14. Rad1
O-O-O 15. Qf3 Rg5 16. h4 Rg4 17. exf5 Rxh4 18. fxe6 fxe6 19. Rfe1 Rh6 20. Ne4
Rg6 21. Re3 Kb8 22. Rc3 Qe8 23. Rcd3 e5 24. c4 Qe6 25. Rd5 Rc8 26. Rb5 Rg7 27.
a4 Be7 28. Nc5 1-0

[Event "Capablanca Memorial Premier I 34th"]
[Site "Havana"]
[Date "1999.05.19"]
[Round "11"]
[White "Delgado Ramirez, Neuris"]
[Black "Otero Acosta, Diasmany"]
[Result "1/2-1/2"]
[WhiteElo "2417"]
[BlackElo "2403"]
[PlyCount "107"]
[EventDate "1999.05.??"]
[EventType "tourn"]
[EventRounds "13"]
[EventCountry "CUB"]
[EventCategory "8"]
[SourceTitle "CBM 070 Extra"]
[Source "ChessBase"]
[SourceDate "1999.07.10"]
[SourceVersion "1"]
[SourceVersionDate "1999.07.10"]
[SourceQuality "1"]

1. e4 e5 2. Nf3 Nc6 3. Bb5 a6 4. Ba4 Nf6 5. Qe2 b5 6. Bb3 Bc5 7. c3 O-O 8. d3
Bb7 9. Bg5 h6 10. Bh4 Re8 11. Nbd2 Be7 12. g4 Nh7 13. Bg3 d6 14. h4 Na5 15. Bc2
c5 16. Nf1 g6 17. Ne3 Bf8 18. g5 h5 19. Nd2 Bg7 20. O-O f6 21. gxf6 Bxf6 22.
Ng2 Bc8 23. Qe3 Qe7 24. f4 Be6 25. Nf3 Nc6 26. Bb3 Bxb3 27. axb3 Rf8 28. Nh2
Rf7 29. fxe5 Nxe5 30. d4 cxd4 31. cxd4 Nc6 32. e5 dxe5 33. Qe4 Rc8 34. d5 Nd4
35. Rxa6 Nf5 36. Bf2 Qc7 37. Ne3 Nxe3 38. Bxe3 Qc2 39. Qxc2 Rxc2 40. Nf3 Rxb2
41. Nd2 Bxh4 42. Rxg6+ Rg7 43. Rxg7+ Kxg7 44. Rf5 Be1 45. Nf3 Rxb3 46. Rxe5 Bb4
47. Bd4 Bc3 48. d6 Nf6 49. Re7+ Kf8 50. Bxc3 Rxc3 51. Ne5 Rc5 52. Kg2 Rd5 53.
Re6 Kg7 54. Re7+ 1/2-1/2

[Event "Capablanca Memorial Premier I 34th"]
[Site "Havana"]
[Date "1999.05.20"]
[Round "12"]
[White "Franco Ocampos, Zenon"]
[Black "Delgado Ramirez, Neuris"]
[Result "1/2-1/2"]
[WhiteElo "2463"]
[BlackElo "2417"]
[PlyCount "44"]
[EventDate "1999.05.??"]
[EventType "tourn"]
[EventRounds "13"]
[EventCountry "CUB"]
[EventCategory "8"]
[SourceTitle "CBM 070 Extra"]
[Source "ChessBase"]
[SourceDate "1999.07.10"]
[SourceVersion "1"]
[SourceVersionDate "1999.07.10"]
[SourceQuality "1"]

1. d4 d5 2. Nf3 Nf6 3. c4 c6 4. Nc3 a6 5. a4 e6 6. e3 Bb4 7. Bd2 c5 8. cxd5
exd5 9. Be2 Nc6 10. O-O O-O 11. Qc2 Re8 12. dxc5 Bxc5 13. Rfd1 Qe7 14. Be1 Be6
15. a5 Rac8 16. Na4 Ba7 17. Qd3 Bg4 18. Nb6 Rcd8 19. Nd4 Nxd4 20. Bxg4 Nc6 21.
Bf3 Ne5 22. Qe2 Nxf3+ 1/2-1/2

[Event "Guillermo Garcia Memorial-A 07th"]
[Site "Santa Clara"]
[Date "1999.05.24"]
[Round "1"]
[White "Gongora Reyes, Maikel"]
[Black "Delgado Ramirez, Neuris"]
[Result "1/2-1/2"]
[WhiteElo "2427"]
[BlackElo "2417"]
[PlyCount "88"]
[EventDate "1999.05.??"]
[EventType "tourn"]
[EventRounds "13"]
[EventCountry "CUB"]
[EventCategory "8"]
[SourceTitle "CBM 070 Extra"]
[Source "ChessBase"]
[SourceDate "1999.07.10"]
[SourceVersion "1"]
[SourceVersionDate "1999.07.10"]
[SourceQuality "1"]

1. e4 c5 2. Nf3 d6 3. d4 cxd4 4. Nxd4 Nf6 5. Nc3 a6 6. Bc4 e6 7. Bb3 Nbd7 8. f4
Nc5 9. Qf3 b5 10. f5 e5 11. Nc6 Qd7 12. Nb4 Nxb3 13. axb3 Bb7 14. Nbd5 Bxd5 15.
Nxd5 Nxd5 16. exd5 Be7 17. c3 Bd8 18. Be3 O-O 19. O-O Qb7 20. Kh1 f6 21. Rad1
a5 22. Qg4 a4 23. Rf3 Bb6 24. Bc1 Qd7 25. Qh5 Qf7 26. Qh4 Kh8 27. Rh3 g5 28.
fxg6 Qxg6 29. Rf1 axb3 30. Rg3 Qf7 31. Bh6 Bf2 32. Bxf8 Bxg3 33. Qxg3 Rxf8 34.
Qd3 Qd7 35. Qd1 e4 36. Qxb3 e3 37. Qd1 Qe7 38. Qf3 Qe5 39. Re1 Re8 40. Re2 Kg7
41. g3 f5 42. h3 Kg6 43. Kh2 h5 44. h4 Qe4 1/2-1/2

[Event "Guillermo Garcia Memorial-A 07th"]
[Site "Santa Clara"]
[Date "1999.05.25"]
[Round "2"]
[White "Bellon Lopez, Juan Manuel"]
[Black "Delgado Ramirez, Neuris"]
[Result "1-0"]
[WhiteElo "2447"]
[BlackElo "2417"]
[PlyCount "91"]
[EventDate "1999.05.??"]
[EventType "tourn"]
[EventRounds "13"]
[EventCountry "CUB"]
[EventCategory "8"]
[SourceTitle "CBM 070 Extra"]
[Source "ChessBase"]
[SourceDate "1999.07.10"]
[SourceVersion "1"]
[SourceVersionDate "1999.07.10"]
[SourceQuality "1"]

1. d4 Nf6 2. Bg5 c5 3. Bxf6 gxf6 4. d5 Qb6 5. Qc1 f5 6. e3 Bg7 7. c3 e5 8. Na3
O-O 9. Qc2 Na6 10. Bd3 e4 11. Be2 d6 12. Nh3 Qd8 13. Nb5 Be5 14. g3 Nb8 15. a4
Nd7 16. f4 exf3 17. Bxf3 a6 18. Na3 Bg7 19. O-O Ne5 20. Be2 Qe7 21. Rae1 Rb8
22. a5 b5 23. axb6 Rxb6 24. Nc4 Nxc4 25. Bxc4 Bd7 26. e4 fxe4 27. Rxe4 Be5 28.
Rh4 f5 29. Bd3 Bf6 30. Rhf4 Qe3+ 31. Kg2 Rxb2 32. Qxb2 Qxd3 33. Qb7 Bc8 34. Qc6
Qe2+ 35. R1f2 Qe7 36. c4 Be5 37. R4f3 Bd4 38. Rf1 Bd7 39. Qxa6 f4 40. Nxf4 Bg4
41. Ne6 Bxf3+ 42. Rxf3 Rb8 43. Kh3 Be5 44. Qa2 Qe8 45. Rf5 Qe7 46. Qe2 1-0

[Event "Guillermo Garcia Memorial-A 07th"]
[Site "Santa Clara"]
[Date "1999.05.26"]
[Round "3"]
[White "Delgado Ramirez, Neuris"]
[Black "Matamoros Franco, Carlos S"]
[Result "1-0"]
[WhiteElo "2417"]
[BlackElo "2458"]
[PlyCount "53"]
[EventDate "1999.05.??"]
[EventType "tourn"]
[EventRounds "13"]
[EventCountry "CUB"]
[EventCategory "8"]
[SourceTitle "CBM 070 Extra"]
[Source "ChessBase"]
[SourceDate "1999.07.10"]
[SourceVersion "1"]
[SourceVersionDate "1999.07.10"]
[SourceQuality "1"]

1. e4 d5 2. exd5 Qxd5 3. Nc3 Qa5 4. d4 c6 5. Nf3 Nf6 6. Ne5 Bf5 7. Bd3 Bxd3 8.
Qxd3 Nbd7 9. Nc4 Qc7 10. Qf3 e6 11. Bf4 Qd8 12. Nd6+ Bxd6 13. Bxd6 Qa5 14. O-O
Qh5 15. Qd3 Qg6 16. Qe2 O-O-O 17. a4 Qg4 18. Qd3 Qg6 19. Nb5 Nb8 20. Nxa7+ Kd7
21. Qa3 Ne4 22. Be5 f6 23. f3 fxe5 24. fxe4 exd4 25. Qc5 e5 26. Qb6 Rhf8 27.
Qxb7+ 1-0

[Event "Guillermo Garcia Memorial-A 07th"]
[Site "Santa Clara"]
[Date "1999.05.27"]
[Round "4"]
[White "Paramos Dominguez, Roberto"]
[Black "Delgado Ramirez, Neuris"]
[Result "1/2-1/2"]
[WhiteElo "2445"]
[BlackElo "2417"]
[PlyCount "64"]
[EventDate "1999.05.??"]
[EventType "tourn"]
[EventRounds "13"]
[EventCountry "CUB"]
[EventCategory "8"]
[SourceTitle "CBM 070 Extra"]
[Source "ChessBase"]
[SourceDate "1999.07.10"]
[SourceVersion "1"]
[SourceVersionDate "1999.07.10"]
[SourceQuality "1"]

1. d4 Nf6 2. c4 e6 3. Nc3 d5 4. cxd5 exd5 5. Bg5 Bb4 6. e3 h6 7. Bh4 g5 8. Bg3
Ne4 9. Qb3 Bxc3+ 10. bxc3 h5 11. f3 Nxg3 12. hxg3 Qd6 13. O-O-O Nc6 14. e4 dxe4
15. Bc4 O-O 16. Rxh5 Qg6 17. g4 Kg7 18. Nh3 f6 19. Bd5 exf3 20. gxf3 Qe8 21.
Nxg5 fxg5 22. Rdh1 Qe3+ 23. Kb2 Qd2+ 24. Ka1 Bf5 25. gxf5 Rh8 26. Bf7 Rxh5 27.
Bxh5 Rf8 28. Bg6 Nd8 29. Qb4 Nf7 30. Qc4 b5 31. Rh7+ Kg8 32. Qxb5 Qc1+ 1/2-1/2

[Event "Guillermo Garcia Memorial-A 07th"]
[Site "Santa Clara"]
[Date "1999.05.28"]
[Round "5"]
[White "Delgado Ramirez, Neuris"]
[Black "Otero Acosta, Diasmany"]
[Result "1-0"]
[WhiteElo "2417"]
[BlackElo "2403"]
[PlyCount "99"]
[EventDate "1999.05.??"]
[EventType "tourn"]
[EventRounds "13"]
[EventCountry "CUB"]
[EventCategory "8"]
[SourceTitle "CBM 070 Extra"]
[Source "ChessBase"]
[SourceDate "1999.07.10"]
[SourceVersion "1"]
[SourceVersionDate "1999.07.10"]
[SourceQuality "1"]

1. e4 e5 2. Nf3 Nc6 3. Bb5 Nge7 4. Nc3 d6 5. d4 a6 6. Be2 Bg4 7. d5 Bxf3 8.
Bxf3 Nd4 9. Be3 Nxf3+ 10. Qxf3 Ng6 11. g3 Be7 12. h4 c5 13. dxc6 bxc6 14. O-O-O
Nf8 15. Qe2 Qc7 16. f4 Nd7 17. h5 h6 18. Rhg1 Rb8 19. Rd3 Qa5 20. Qg4 Nc5 21.
Qxg7 Nxd3+ 22. cxd3 Rf8 23. Rd1 exf4 24. Bxf4 Qxh5 25. Qd4 Rd8 26. Qa4 Qc5 27.
d4 Qb6 28. Nd5 Qb7 29. Rd3 f5 30. Rb3 Qd7 31. Nb6 Qe6 32. d5 Qxe4 33. Qxe4 fxe4
34. dxc6 Kf7 35. c7 Rc8 36. Rc3 Bg5 37. Bxg5 hxg5 38. b4 Ke6 39. a4 Ke5 40.
Nxc8 Rxc8 41. b5 axb5 42. axb5 Kd4 43. Kb2 e3 44. b6 e2 45. Rc1 Kd3 46. b7 Rxc7
47. Rxc7 e1=Q 48. b8=Q Qd2+ 49. Kb1 Qe1+ 50. Rc1 1-0

[Event "Guillermo Garcia Memorial-A 07th"]
[Site "Santa Clara"]
[Date "1999.05.30"]
[Round "6"]
[White "Nogueiras Santiago, Jesus"]
[Black "Delgado Ramirez, Neuris"]
[Result "1/2-1/2"]
[WhiteElo "2540"]
[BlackElo "2417"]
[PlyCount "49"]
[EventDate "1999.05.??"]
[EventType "tourn"]
[EventRounds "13"]
[EventCountry "CUB"]
[EventCategory "8"]
[SourceTitle "CBM 070 Extra"]
[Source "ChessBase"]
[SourceDate "1999.07.10"]
[SourceVersion "1"]
[SourceVersionDate "1999.07.10"]
[SourceQuality "1"]

1. c4 Nf6 2. Nc3 e6 3. e4 c5 4. Nf3 Nc6 5. Be2 d5 6. e5 Nd7 7. cxd5 exd5 8. Bb5
Be7 9. O-O O-O 10. Re1 Nb6 11. d4 c4 12. Bxc6 bxc6 13. h3 Rb8 14. Bf4 Na8 15.
b3 Be6 16. bxc4 dxc4 17. Ne4 Nb6 18. Nfg5 Nd5 19. Nxe6 fxe6 20. Be3 Bb4 21. Rf1
Qh4 22. Qc2 h6 23. Kh2 c3 24. Rab1 Rb5 25. Bc1 1/2-1/2

[Event "Guillermo Garcia Memorial-A 07th"]
[Site "Santa Clara"]
[Date "1999.05.31"]
[Round "7"]
[White "Delgado Ramirez, Neuris"]
[Black "Dominguez Perez, Leinier"]
[Result "0-1"]
[WhiteElo "2417"]
[BlackElo "2479"]
[PlyCount "70"]
[EventDate "1999.05.??"]
[EventType "tourn"]
[EventRounds "13"]
[EventCountry "CUB"]
[EventCategory "8"]
[SourceTitle "CBM 070 Extra"]
[Source "ChessBase"]
[SourceDate "1999.07.10"]
[SourceVersion "1"]
[SourceVersionDate "1999.07.10"]
[SourceQuality "1"]

1. e4 c5 2. Nf3 d6 3. d4 cxd4 4. Nxd4 Nf6 5. Nc3 a6 6. Bc4 e6 7. Bb3 b5 8. Qf3
Qc7 9. Bg5 Be7 10. O-O-O O-O 11. h4 b4 12. Nce2 Bb7 13. Ng3 Nbd7 14. Qe2 Nc5
15. Bxf6 Bxf6 16. Rh3 d5 17. exd5 Qf4+ 18. Qe3 Nxb3+ 19. axb3 Qxe3+ 20. fxe3
Bxd5 21. Nh5 Be5 22. Nf3 Bc7 23. Nf4 Bc6 24. Nd3 a5 25. c4 bxc3 26. bxc3 Rab8
27. Kc2 Be4 28. Rhh1 Rfd8 29. Rd2 f6 30. Ra1 Bb6 31. Nfe1 f5 32. Re2 Rd7 33.
Rd1 Rbd8 34. c4 Bc5 35. Kc3 Bb4+ 0-1

[Event "Guillermo Garcia Memorial-A 07th"]
[Site "Santa Clara"]
[Date "1999.05.03"]
[Round "9"]
[White "Delgado Ramirez, Neuris"]
[Black "Alvarez, Jose"]
[Result "0-1"]
[WhiteElo "2417"]
[BlackElo "2368"]
[PlyCount "156"]
[EventDate "1999.05.??"]
[EventType "tourn"]
[EventRounds "13"]
[EventCountry "CUB"]
[EventCategory "8"]
[SourceTitle "CBM 070 Extra"]
[Source "ChessBase"]
[SourceDate "1999.07.10"]
[SourceVersion "1"]
[SourceVersionDate "1999.07.10"]
[SourceQuality "1"]

1. e4 c5 2. Nf3 e6 3. d4 cxd4 4. Nxd4 Qb6 5. Nb3 Qc7 6. Bd3 a6 7. Qe2 d6 8. Nc3
Nf6 9. g4 b5 10. a3 h6 11. g5 hxg5 12. Bxg5 Be7 13. O-O-O Nc6 14. f4 b4 15.
axb4 Nxb4 16. Kb1 e5 17. Nd5 Nbxd5 18. exd5 Bg4 19. Qg2 Bxd1 20. fxe5 Ng4 21.
exd6 Bxd6 22. Rxd1 Ne5 23. Re1 O-O 24. Bf5 Rfe8 25. Rg1 Bf8 26. h4 Qb6 27. Bf4
a5 28. Be6 Nf3 29. Rf1 fxe6 30. Qxf3 exd5 31. Qxd5+ Qe6 32. Qxe6+ Rxe6 33. Bg5
Be7 34. Bxe7 Rxe7 35. Rf4 a4 36. Nc5 a3 37. bxa3 Rxa3 38. Kb2 Ra5 39. Nb3 Rae5
40. Nd2 Rb7+ 41. Kc3 Rf7 42. Rd4 Re3+ 43. Kb2 Rb7+ 44. Nb3 Rc7 45. Rg4 Kh7 46.
Nd4 Rec3 47. Kc1 R7c4 48. Kd1 g6 49. Re4 Kh6 50. Rg4 Kh5 51. Re4 Rh3 52. Re5+
Kxh4 53. Rd5 Kg4 54. Kd2 Rhc3 55. Ke1 Rc5 56. Rd6 g5 57. Ke2 Kg3 58. Kd2 R3c4
59. Kd3 g4 60. Rg6 Kh3 61. Rh6+ Kg2 62. Rg6 Rc3+ 63. Ke4 g3 64. Ne2 Rf3 65. Nd4
Rf7 66. Ne2 Re7+ 67. Kd3 Rd5+ 68. Nd4 Rf7 69. c4 Rd8 70. Ke4 Re7+ 71. Ne6 Rde8
72. Kd5 Rxe6 73. Rxe6 Rxe6 74. Kxe6 Kf3 75. c5 g2 76. c6 g1=Q 77. c7 Qg4+ 78.
Ke7 Qc8 0-1

[Event "Guillermo Garcia Memorial-A 07th"]
[Site "Santa Clara"]
[Date "1999.05.04"]
[Round "10"]
[White "De la Paz Perdomo, Frank"]
[Black "Delgado Ramirez, Neuris"]
[Result "1-0"]
[WhiteElo "2495"]
[BlackElo "2417"]
[PlyCount "81"]
[EventDate "1999.05.??"]
[EventType "tourn"]
[EventRounds "13"]
[EventCountry "CUB"]
[EventCategory "8"]
[SourceTitle "CBM 070 Extra"]
[Source "ChessBase"]
[SourceDate "1999.07.10"]
[SourceVersion "1"]
[SourceVersionDate "1999.07.10"]
[SourceQuality "1"]

1. e4 c5 2. Nf3 d6 3. d4 cxd4 4. Nxd4 Nf6 5. Nc3 Nc6 6. Bg5 e6 7. Qd2 a6 8.
O-O-O Bd7 9. f4 b5 10. Bxf6 gxf6 11. Kb1 Qb6 12. Nxc6 Bxc6 13. Qe1 Ra7 14. Bd3
h5 15. Qh4 Be7 16. f5 Qe3 17. Rhe1 Qg5 18. Qf2 Rb7 19. h4 Qg7 20. fxe6 fxe6 21.
Ne2 Bd7 22. Nf4 Rc7 23. Qb6 Rc6 24. Qb7 Rc5 25. Be2 Rh6 26. Nd3 Rc8 27. Nb4
Qxg2 28. Nxa6 Qh2 29. Nc7+ Kd8 30. Nxb5 Bxb5 31. Qb6+ Rc7 32. Qxb5 Qe5 33. Qb3
Ke8 34. Qb8+ Bd8 35. Rg1 Rh8 36. Qb3 Kf7 37. Bc4 Re7 38. Qd3 Bb6 39. Rgf1 Bc5
40. Rf5 Qh2 41. Qf3 1-0

[Event "Guillermo Garcia Memorial-A 07th"]
[Site "Santa Clara"]
[Date "1999.06.05"]
[Round "11"]
[White "Delgado Ramirez, Neuris"]
[Black "Gamboa, Nelson"]
[Result "1-0"]
[WhiteElo "2417"]
[BlackElo "2411"]
[PlyCount "63"]
[EventDate "1999.05.??"]
[EventType "tourn"]
[EventRounds "13"]
[EventCountry "CUB"]
[EventCategory "8"]
[SourceTitle "CBM 070 Extra"]
[Source "ChessBase"]
[SourceDate "1999.07.10"]
[SourceVersion "1"]
[SourceVersionDate "1999.07.10"]
[SourceQuality "1"]

1. e4 c5 2. Nf3 d6 3. Bc4 Nf6 4. d3 g6 5. c3 Bg7 6. O-O O-O 7. Bb3 Nc6 8. Nbd2
Rb8 9. Re1 b5 10. h3 Nd7 11. Nf1 a5 12. d4 a4 13. Bc2 Qa5 14. Bg5 h6 15. Bh4
Re8 16. e5 cxd4 17. e6 fxe6 18. Bxg6 Rf8 19. cxd4 Nf6 20. Ng3 Qa7 21. Bb1 Nb4
22. a3 Nbd5 23. Qd3 Rf7 24. Bxf6 Nxf6 25. Ba2 Nd5 26. Nh5 Rf5 27. Nxg7 Kxg7 28.
Nh4 Rf6 29. Re4 Kf8 30. Rae1 Qb7 31. Rg4 Nf4 32. Rxf4 1-0